LEADER 01312cam0-22003971i-450- 001 990004177240403321 005 20081203130123.0 010 $a88-15-03643-1 035 $a000417724 035 $aFED01000417724 035 $a(Aleph)000417724FED01 035 $a000417724 100 $a19990604d1992----km-y0itay50------ba 101 0 $aita 102 $aIT 105 $ay-------101cy 200 1 $a<>Kulturkampf in Italia e nei paesi di lingua tedesca$eatti della 32. settimana di studio, 17-21 settembre 1990$fa cura di Rudolf Lill e Francesco Traniello 210 $aBologna$cil Mulino$d1992 215 $a481 p.$d22 cm 225 1 $aAnnali dell'Istituto storico italo-germanico in Trento$iQuaderno$v31 610 0 $aKulturkampf$aItalia$aGermania 676 $a322$v20$zita 702 1$aLill,$bRudolf$f<1934- > 702 1$aTraniello,$bFrancesco$f<1936- > 801 0$aIT$bUNINA$gRICA$2UNIMARC 901 $aBK 912 $a990004177240403321 952 $a322 LIL 1$bBibl.20790$fFLFBC 952 $aXXI COLLEZIONE 157 (31)$b18850*$fFGBC 952 $aXXI COLLEZIONE 157 (31 BIS)$b20105$fFGBC 952 $aSE 104.05.26$b3321$fDECSE 959 $aFLFBC 959 $aFGBC 959 $aDECSE 996 $aKulturkampf in Italia e nei paesi di lingua tedesca$9485750 997 $aUNINA LEADER 02031oam 2200673Ka 450 001 9910693779203321 005 20200511170353.0 035 $a(CKB)25434701100041 035 $a(OCoLC)53454843 035 $a(EXLCZ)9925434701100041 100 $a20031118d1998 ua 0 101 0 $aeng 135 $aurcn||||||||| 181 $ctxt$2rdacontent 182 $cc$2rdamedia 183 $acr$2rdacarrier 200 12$aA joint task force staff structure for the new millennium $eleaner, faster, and more responsive /$fLisa A. Row 210 1$aMaxwell Air Force Base, Ala. :$cAir Command and Staff College, Air University,$d[1998] 215 $a1 online resource 225 1 $aWright flyer paper ;$vno. 4 300 $aTitle from title screen (viewed Nov. 18, 2003). 300 $a"December 1998." 320 $aIncludes bibliographical references. 606 $aCommand and control systems$zUnited States 606 $aArmed Forces$xReorganization$2fast 606 $aArmed Forces$xStaffs$2fast 606 $aCommand and control systems$2fast 607 $aUnited States$xArmed Forces$xReorganization 607 $aUnited States$xArmed Forces$xStaffs 607 $aUnited States$2fast 615 0$aCommand and control systems 615 7$aArmed Forces$xReorganization. 615 7$aArmed Forces$xStaffs. 615 7$aCommand and control systems. 700 $aRow$b Lisa A$01384707 712 02$aAir University (U.S.).$bAir Command and Staff College. 801 0$bGPO 801 1$bGPO 801 2$bOCLCQ 801 2$bSYB 801 2$bOCLCQ 801 2$bOCLCF 801 2$bOCLCQ 801 2$bOCLCO 801 2$bOCLCQ 801 2$bGPO 801 2$bSOI 801 2$bAZP 801 2$bDGU 801 2$bTFW 801 2$bOCLCQ 801 2$bLWA 801 2$bINT 801 2$bOCLCQ 801 2$bGPO 906 $aBOOK 912 $a9910693779203321 996 $aA joint task force staff structure for the new millennium$93431410 997 $aUNINA